000 00317nam a2200133Ia 4500
008 160319s9999 xx 000 0 und d
245 _aMontessori:
245 _bLiving Pages /
260 _bSoftware Holding Inc.
260 _c1995
300 _avideodisc :
300 _bsound, colored ;
300 _c4 3/4 in.
999 _c292720
_d292720